| 000 | 01224cam a2200325 a 4500 | ||
|---|---|---|---|
| 999 |
_c127299 _d127299 |
||
| 001 | 615420 | ||
| 003 | ARRUPE | ||
| 005 | 20180103113127.0 | ||
| 008 | 920522s1992 inu b 001 0 eng | ||
| 010 | _a 92021578 | ||
| 020 | _a0872201376 (alk. paper) | ||
| 020 |
_a0872201368 (pbk. : alk. paper) : _c$5.95 |
||
| 040 |
_aDLC _cDLC _dDLC _dOCoLC |
||
| 041 | 1 |
_aeng _hgrc |
|
| 050 | 0 | 0 | _aJC-71-1 |
| 082 | 0 | 0 |
_a321/.07 _220 |
| 100 | 0 |
_aPlato. _938201 |
|
| 240 | 1 | 0 |
_aRepublic. _lEnglish |
| 245 | 1 | 0 |
_aRepublic / _cPlato ; translated by G.M.A. Grube ; revised by C.D.C. Reeve. |
| 260 |
_aIndianapolis : _bHackett Pub. Co., _cc1992. |
||
| 300 |
_axx, 300 p. ; _c22 cm. |
||
| 504 | _aIncludes bibliographical references (p. xix-xx)and index. | ||
| 650 | 0 |
_aPolitical science _xEarly works to 1800. _938202 |
|
| 650 | 0 |
_aUtopias _vEarly works to 1800. _9377 |
|
| 650 | 0 |
_aJustice _vEarly works to 1800. _938203 |
|
| 700 | 1 |
_aGrube, G. M. A. _q(George Maximilian Anthony) _937639 |
|
| 700 | 1 |
_aReeve, C. D. C., _d1948- _938204 |
|
| 906 |
_a7 _bcbc _corignew _d1 _eocip _f19 _gy-gencatlg |
||
| 942 |
_2lcc _cMONOGRAPH |
||